MARC details
| 000 -CABECERA |
| campo de control de longitud fija |
00966nam a2200241 a 4500 |
| 001 - NÚMERO DE CONTROL |
| campo de control |
000023787 |
| 005 - FECHA Y HORA DE LA ÚLTIMA TRANSACCIÓN |
| campo de control |
20200930022453.0 |
| 008 - DATOS DE LONGITUD FIJA--INFORMACIÓN GENERAL |
| campo de control de longitud fija |
110113s1970 ag a r 000 | spa d |
| 040 ## - FUENTE DE LA CATALOGACIÓN |
| Centro catalogador/agencia de origen |
DO-SdBNP |
| Lengua de catalogación |
spa |
| Centro/agencia transcriptor |
BNPHU |
| 041 ## - CÓDIGO DE LENGUA |
| Código de lengua del texto/banda sonora o título independiente |
spa |
| Código de lengua original |
eng |
| Fuente del código |
Código de idioma MARC |
| 082 ## - NÚMERO DE LA CLASIFICACIÓN DECIMAL DEWEY |
| Número de clasificación |
xxx |
| Número de documento/Ítem |
S437m |
| 049 ## - FONDOS LOCALES (OCLC) |
| Fondos de biblioteca |
BNGR |
| 100 1# - ENTRADA PRINCIPAL--NOMBRE DE PERSONA |
| Nombre de persona |
Scuorzo, Herbert E. |
| 9 (RLIN) |
48961 |
| 240 10 - TÍTULO UNIFORME |
| Título uniforme |
The practical audio-visual handbook for teachears |
| Lenguaje de la obra |
español |
| 245 10 - MENCIÓN DE TÍTULO |
| Título |
Manual práctico de medios audiovisuales / |
| Mención de responsabilidad, etc. |
Herbert E. Scuorzo; traducción de Iris de Davie. |
| 260 ## - PUBLICACIÓN, DISTRIBUCIÓN, ETC. |
| Lugar de publicación, distribución, etc. |
Buenos Aires : |
| Nombre del editor, distribuidor, etc. |
Centro Regional de Ayuda Técnica : |
| -- |
Agencia para el Desarrollo Internacional, |
| Fecha de publicación, distribución, etc. |
1970. |
| 300 ## - DESCRIPCIÓN FÍSICA |
| Extensión |
259 p. : |
| Otras características físicas |
il. ; |
| Dimensiones |
23 cm. |
| 490 10 - MENCIÓN DE SERIE |
| Mención de serie |
Pedagogía Práctica |
| 500 ## - NOTA GENERAL |
| Nota general |
Incluye apéndice y notas al pie de páginas |
| 534 ## - NOTA SOBRE LA VERSIÓN ORIGINAL |
| Encabezamiento principal del original |
Título de la edición original : |
| Mención de título del original |
The practical audio-visual handbook for teachears |
| 700 1# - PUNTO DE ACCESO ADICIONAL--NOMBRE DE PERSONA |
| Nombre de persona |
Davie, Iris de |
| Término indicativo de función/relación |
tr. |
| 9 (RLIN) |
48962 |
| 830 #0 - PUNTO DE ACCESO ADICIONAL DE SERIE-TÍTULO UNIFORME |
| Título uniforme |
Pedagogía Práctica |
| 9 (RLIN) |
48963 |